| 000 | 00724na a2200229 4500 | ||
|---|---|---|---|
| 001 | 21305 | ||
| 003 | MIRAKIL | ||
| 005 | 20181213155235.0 | ||
| 008 | 170203b tu 000 0 | ||
| 040 |
_aMilas _btur _cTR-AnCHP |
||
| 041 | _atur | ||
| 082 |
_a333.79 _bT96a 1998 |
||
| 090 | _a333.79 T96a 1998 | ||
| 111 |
_aTürkiye Enerji Şurası _cİstanbul _d7-9 Aralık 1998 _n1. |
||
| 245 |
_aAlt komisyon özet raporları _cEnerji ve Tabii kaynaklar Bakanlığı |
||
| 260 |
_aİstanbul _bEnerji ve Tabii kaynaklar Bakanlığı _c1998 _fPoyraz Ofset |
||
| 300 |
_a135 s. _c30 sm. |
||
| 650 |
_aEnerji _xRaporlar |
||
| 650 |
_aEnerji _xToplantılar |
||
| 710 | _aEnerji ve Tabii Kaynaklar Bakanlığı | ||
| 942 |
_2ddc _cBKS |
||
| 999 |
_c9099 _d9099 |
||